000 011810000a22002170004500
001 1313
003 CO-MdBIC
020 _a84-8272-1
040 _bspa.
082 0 4 _aG 176 A748s
100 1 _aAlzate, Helí
245 1 0 _aCompendio de sexualidad humana / Helí Alzate
260 _aBogotá, Colombia : Temis
300 _aXX, 267 Pag.
336 _atexto
_btxt
_2rdacontent
337 _2rdamedia
_asin mediación
_bn
338 _2rdacarrier
_avolumen
_bnc
505 0 0 _aaspectos básicos de la sexualidad humana -- introducción -- componentes biológicos y socioculturales de la sexualidad humana -- anatomía y endocrinología sexuales -- fisiología sexual humana -- diferenciación sexual humana -- actividades sexuales humanas -- aspectos especiales de la sexualidad humana -- la condición femenina -- derecho a la sexualidad - obscenidad y pornografía -- prostitución -- anticoncepción -- aborto -- aspectos problemáticos de la sexualidad humana -- problemas psicosexuales -- problemas somatosexuales -- otros problemas sexuales -- tratamiento de los problemas sexuales
650 1 4 _aSEXO \ ABORTO \ TRASTORNOS SEXUALES \ PROSTITUCION \ PORNOGRAFIA
942 _cBK
999 _c32636
_d32636